MARC details
| 000 -LEADER |
| fixed length control field |
03843cgm a2200637 a 4500 |
| 001 - CONTROL NUMBER |
| control field |
ocm56401976 |
| 003 - CONTROL NUMBER IDENTIFIER |
| control field |
OCoLC |
| 005 - DATE AND TIME OF LATEST TRANSACTION |
| control field |
20250929183432.0 |
| 007 - PHYSICAL DESCRIPTION FIXED FIELD--GENERAL INFORMATION |
| fixed length control field |
vd cvaizq |
| 008 - FIXED-LENGTH DATA ELEMENTS--GENERAL INFORMATION |
| fixed length control field |
040901s2004 cau108 g vleng d |
| 020 ## - INTERNATIONAL STANDARD BOOK NUMBER |
| International Standard Book Number |
1417003448 |
| 024 1# - OTHER STANDARD IDENTIFIER |
| Standard number or code |
025192499326 |
| 028 42 - PUBLISHER NUMBER |
| Publisher number |
24993 |
| Source |
Universal |
| 035 ## - SYSTEM CONTROL NUMBER |
| System control number |
(Sirsi) i9781417003440 |
| 035 ## - SYSTEM CONTROL NUMBER |
| System control number |
15622708 |
| 037 ## - SOURCE OF ACQUISITION |
| Source of stock number/acquisition |
Midwest Tapes |
| Note |
http://www.midwesttapes.com |
| 040 ## - CATALOGING SOURCE |
| Original cataloging agency |
TEFMT |
| Transcribing agency |
TEFMT |
| Modifying agency |
TEF |
| -- |
OCLCQ |
| Language of cataloging |
eng |
| Description conventions |
rda |
| 041 1# - LANGUAGE CODE |
| Language code of text/sound track or separate title |
eng |
| -- |
fre |
| -- |
spa |
| Language code of summary or abstract/overprinted title or subtitle |
eng |
| -- |
fre |
| -- |
spa |
| Language code of original and/or intermediate translations of text |
eng |
| 082 ## - DEWEY DECIMAL CLASSIFICATION NUMBER |
| Classification number |
791.437 |
| 092 ## - LOCALLY ASSIGNED DEWEY CALL NUMBER (OCLC) |
| Classification number |
DVD DRAMA |
| Item number |
BOURNE |
| 092 ## - LOCALLY ASSIGNED DEWEY CALL NUMBER (OCLC) |
| Classification number |
791.437 |
| 245 04 - TITLE STATEMENT |
| Title |
The Bourne supremacy |
| Medium |
[videorecording] / |
| Statement of responsibility, etc |
a Universal Pictures presentation in association with MP Theta Productions, a Kennedy/Marshall production in association with Ludlum Entertainment ; produced by Frank Marshall, Patrick Crowley, Paul L. Sandberg ; screenplay by Tony Gilroy ; directed by Paul Greengrass. |
| 250 ## - EDITION STATEMENT |
| Edition statement |
[Widescreen ed.]. |
| 264 #4 - Production, Publication, Distribution, Manufacture, and Copyright Notice. |
| Place of production, publication, distribution, manufacture |
Universal City, Calif. : |
| Name of producer, publisher, distributor, manufacturer |
Universal, |
| Date of production, publication, distribution, manufacture, or copyr |
©2004 |
| 300 ## - PHYSICAL DESCRIPTION |
| Extent |
1 videodisc (108 min.) : |
| Other physical details |
sd., col. ; |
| Dimensions |
4 3/4 in. |
| 490 0# - SERIES STATEMENT |
| Series statement |
Bourne series ; |
| Volume number/sequential designation |
2 |
| 500 ## - GENERAL NOTE |
| General note |
Based on the novel by Robert Ludlum. |
| 500 ## - GENERAL NOTE |
| General note |
Special features: explosive deleted scenes; matching identities: casting; keeping it real; blowing things up; on the move with Jason Bourne; Bourne to be wild: fight training; crash cam: racing through the streets of Moscow; the go-mobile revs up the action; anatomy of a ccene: the explosive bridge chase scene; scoring with John Powell; feature commentary with director Paul Greengrass; cast and filmmakers; DVD-ROM features. |
| 508 ## - CREATION/PRODUCTION CREDITS NOTE |
| Creation/production credits note |
Director of photography, Oliver Wood ; editors, Christopher Rouse, Richard Pearson ; music, John Powell ; costume designer, Dinah Collin ; production designer, Dominic Watkins. |
| 511 1# - PARTICIPANT OR PERFORMER NOTE |
| Participant or performer note |
Matt Damon, Franka Potente, Brian Cox, Julia Stiles, Karl Urban, Gabriel Mann, Joan Allen. |
| 520 ## - SUMMARY, ETC. |
| Summary, etc |
Jason Bourne has abandoned his life as a CIA assassin and has been traveling beneath the agency's radar. He has been able to reconnect with Marie, the woman he loves. But Bourne is still haunted by vivid dreams and troubling memories of his days as a killer, and he's not really certain how much really happened and how much is a product of his imagination. When Bourne is led out of hiding by circumstances beyond his control, he must reconcile his past and present as he struggles to keep Marie out of harm's way and foil an international incident with dangerous consequences. |
| 521 8# - TARGET AUDIENCE NOTE |
| Target audience note |
MPAA rating: PG-13; for violence and intense action, and for brief language. |
| 538 ## - SYSTEM DETAILS NOTE |
| System details note |
DVD, region 1, widescreen (2.35:1) presentation; Dolby Digital surround, dual-layer, single-sided. |
| 546 ## - LANGUAGE NOTE |
| Language note |
Closed-captioned. |
| 546 ## - LANGUAGE NOTE |
| Language note |
English, dubbed French or dubbed Spanish dialogue, French or Spanish subtitles; closed-captioned. |
| 650 #0 - SUBJECT ADDED ENTRY--TOPICAL TERM |
| Topical term or geographic name as entry element |
Bourne, Jason (Fictitious character) |
| Form subdivision |
Drama. |
| 9 (RLIN) |
5716538 |
| 650 #0 - SUBJECT ADDED ENTRY--TOPICAL TERM |
| Topical term or geographic name as entry element |
Assassins |
| Form subdivision |
Drama. |
| 9 (RLIN) |
5697952 |
| 650 #0 - SUBJECT ADDED ENTRY--TOPICAL TERM |
| Topical term or geographic name as entry element |
Espionage |
| Form subdivision |
Drama. |
| 9 (RLIN) |
5709317 |
| 650 #7 - SUBJECT ADDED ENTRY--TOPICAL TERM |
| Topical term or geographic name as entry element |
Bourne, Jason (Personaje literario) |
| Form subdivision |
Teatro. |
| Source of heading or term |
bidex |
| 9 (RLIN) |
6501674 |
| 650 #7 - SUBJECT ADDED ENTRY--TOPICAL TERM |
| Topical term or geographic name as entry element |
Asesinos |
| Form subdivision |
Teatro. |
| Source of heading or term |
bidex |
| 9 (RLIN) |
6356470 |
| 655 #7 - INDEX TERM--GENRE/FORM |
| Genre/form data or focus term |
DVD-Video discs. |
| Source of term |
local |
| 9 (RLIN) |
5673658 |
| 655 #0 - INDEX TERM--GENRE/FORM |
| Genre/form data or focus term |
Video recordings for the hearing impaired. |
| 9 (RLIN) |
6115981 |
| 655 #0 - INDEX TERM--GENRE/FORM |
| Genre/form data or focus term |
Feature films. |
| 9 (RLIN) |
6115982 |
| 655 #7 - INDEX TERM--GENRE/FORM |
| Genre/form data or focus term |
Thriller |
| Form subdivision |
Feature. |
| Source of term |
local |
| 9 (RLIN) |
5692409 |
| 700 1# - ADDED ENTRY--PERSONAL NAME |
| Personal name |
Greengrass, Paul. |
| 9 (RLIN) |
28941 |
| 700 1# - ADDED ENTRY--PERSONAL NAME |
| Personal name |
Damon, Matt. |
| 9 (RLIN) |
46204 |
| 700 1# - ADDED ENTRY--PERSONAL NAME |
| Personal name |
Potente, Franka, |
| Dates associated with a name |
1974- |
| 9 (RLIN) |
58232 |
| 700 1# - ADDED ENTRY--PERSONAL NAME |
| Personal name |
Cox, Brian, |
| Dates associated with a name |
1946- |
| 9 (RLIN) |
24322 |
| 700 1# - ADDED ENTRY--PERSONAL NAME |
| Personal name |
Stiles, Julia, |
| Dates associated with a name |
1981- |
| 9 (RLIN) |
66289 |
| 700 1# - ADDED ENTRY--PERSONAL NAME |
| Personal name |
Urban, Karl, |
| Dates associated with a name |
1972- |
| 9 (RLIN) |
69296 |
| 700 1# - ADDED ENTRY--PERSONAL NAME |
| Personal name |
Wood, Oliver. |
| 9 (RLIN) |
60436 |
| 700 1# - ADDED ENTRY--PERSONAL NAME |
| Personal name |
Powell, John, |
| Titles and other words associated with a name |
composer. |
| 9 (RLIN) |
65264 |
| 700 1# - ADDED ENTRY--PERSONAL NAME |
| Personal name |
Ludlum, Robert, |
| Dates associated with a name |
1927-2001. |
| Title of a work |
Bourne supremacy. |
| 9 (RLIN) |
6115983 |
| 710 2# - ADDED ENTRY--CORPORATE NAME |
| Corporate name or jurisdiction name as entry element |
Universal Pictures (Firm) |
| 9 (RLIN) |
19584 |
| 942 ## - ADDED ENTRY ELEMENTS (KOHA) |
| Koha item type |
DVD |
| Source of classification or shelving scheme |
Dewey Decimal Classification |